Central Library OPAC University of Rajshahi

Philosophy for socialists / (Record no. 29077)

MARC details
000 -LEADER
fixed length control field 00736cam a22002531 4500
001 - CONTROL NUMBER
control field 29077
003 - CONTROL NUMBER IDENTIFIER
rucl marc code BD-RjUL
005 - DATE AND TIME OF LATEST TRANSACTION
control field 20211209051353.0
008 - FIXED-LENGTH DATA ELEMENTS--GENERAL INFORMATION
fixed length control field 140402r19611959enk 000 0 eng d
035 ## - SYSTEM CONTROL NUMBER
System control number (BD-RjUL)29162
System control number (OCoLC)2757487
040 ## - CATALOGING SOURCE
Original cataloging agency DLC
Transcribing agency GStG
Modifying agency DLC
-- BD-RjUL
Language of cataloging eng
041 ## - LANGUAGE CODE
Language code of text/sound track or separate title eng
082 04 - DEWEY DECIMAL CLASSIFICATION NUMBER
Classification number 146.3
Author mark and year COP 1961
100 1# - MAIN ENTRY--PERSONAL NAME
Personal name Cornforth, Maurice Campbell.
9 (RLIN) 11435
245 10 - TITLE STATEMENT
Title Philosophy for socialists /
Statement of responsibility, etc. Maurice Campbell Cornforth.
260 ## - PUBLICATION, DISTRIBUTION, ETC. (IMPRINT)
Place of publication, distribution, etc. London :
Name of publisher, distributor, etc. Lawrence & Wishart,
Date of publication, distribution, etc. 1959. [Reprinted 1961]
300 ## - PHYSICAL DESCRIPTION
Pagination 60 p. ;
Size 19 cm.
490 0# - SERIES STATEMENT
Series statement Socialism today series,
Volume/sequential designation 3
650 #0 - SUBJECT ADDED ENTRY--TOPICAL TERM
Topical term or geographic name as entry element Dialectical materialism.
9 (RLIN) 88822
942 ## - ADDED ENTRY ELEMENTS (KOHA)
Source of classification or shelving scheme Dewey Decimal Classification
Koha item type Books
Holdings
Lost status Source of classification or shelving scheme Damaged status Not for loan Collection code Permanent Location Current Location Shelving location Date acquired Source of acquisition Total Checkouts Full call number Date last seen Copy number Koha item type
  Dewey Decimal Classification   Added to bundle Non-fiction Central Library, University of Rajshahi Central Library, University of Rajshahi Reading Room 24/10/1990 Shawkat Osman Gift   146.3 COP 1963 02/04/2014 C-1 Books